[Event "RUS-chT 07th"]
[Site "Smolensk"]
[Date "2000.04.19"]
[Round "5"]
[White "Shcherbakov, Ruslan"]
[Black "Kopjonkin, Gennady"]
[Result "1-0"]
[WhiteElo "2552"]
[BlackElo "2353"]
[Annotator "Tsesarsky,I"]
[PlyCount "83"]
[EventDate "2000.04.15"]
[EventType "team-tourn"]
[EventRounds "11"]
[EventCountry "RUS"]
[SourceTitle "CBM 077"]
[Source "ChessBase"]
[SourceDate "2000.07.27"]
[SourceVersion "1"]
[SourceVersionDate "2000.07.27"]
[SourceQuality "1"]
[WhiteTeam "Tomsk 400"]
[BlackTeam "Voronezh OShK"]
[WhiteTeamCountry "RUS"]
[BlackTeamCountry "RUS"]

1. d4 Nf6 2. Nf3 g6 3. c4 c5 4. Nc3 Bg7 5. e4 d6 6. Be2 O-O 7. O-O cxd4 8. Nxd4
Nc6 9. Be3 Bd7 10. Qd2 Nxd4 11. Bxd4 Bc6 12. f3 Nd7 13. Bf2 (13. Be3 {-mainline
}) 13... Qa5 (13... a6 14. b4 b5 15. cxb5 Bxb5 16. Nxb5 Bxa1 17. Rxa1 axb5 18.
Bxb5 Ne5 19. a4 $14 {1-0 Winsnes,Rikard-Turner,Matthew/Gothenburg (2) ;EXT 98
1993 (39)}) ({more popular is} 13... a5 14. b3 Nc5 15. Rab1 {and here number
of variations:} f5 (15... Qc7 16. Rfd1 Rfc8 17. Bf1 Qd8 18. Qe1 Qf8 19. Nd5
Bxd5 20. Rxd5 e6 21. Rdd1 $14 {Agrest,Evgenij-Karlsson,Lars/Sigeman & Co (4) ;
CBM 72 1999/1-0 (76)}) (15... e6 16. Nb5 $1 (16. Rfd1 Be5 17. Bf1 Qf6 18. Rbc1
(18. Ne2 $4 Bxe4 $1 $17) 18... g5 19. Ne2 g4 20. Qe3 gxf3 21. gxf3 Qg6+ 22. Bg3
f5 $132 {1/2-1/2 Ikonnikov,Vyacheslav-Nielsen,Peter Heine/Cheliabinsk-A ;EXT
97 1991 (34)}) (16. a3 Be5 17. b4 axb4 18. axb4 Na4 19. Nd1 Qf6 20. Rc1 Rfd8
$132) 16... Be5 17. Nd4 (17. Rbd1 $5 Bxb5 18. cxb5 $14) 17... Qf6 18. Rbd1 $14
{Hellers,Ferdinand-Cebalo,Miso/EU-chT (Men) (4) ;EU-chT 1992/1-0 (57)} (18.
Nxc6 bxc6 19. g3 $14)) (15... Qb6 $5 16. a3 Qd8 $14 {[%cal Ge2d1,Gd1c2,Gb3b4]})
(15... Be5 16. Bd1 b6 17. Bc2 Qc7 18. Rfe1 e6 19. Ne2 Rfd8 20. Nd4 d5 21. Nxc6
Qxc6 22. exd5 Qd6 23. Qh6 $14 {1-0 Horvath,Jozsef-Nielsen,Peter Heine/AUT-chT
9798 (10) ;CBM 63 ext 1998 (44)}) 16. exf5 gxf5 17. Bd1 $5 (17. a3 Kh8 18. b4
axb4 19. axb4 Na4 20. Nxa4 {1/2-1/2 Bagirov,Vladimir-Yudasin,Leonid/URS-ch58
Moscow (7) ;URS-ch 1991}) 17... Qe8 18. Re1 Qf7 19. Bc2 b6 20. a3 $14 {1-0
Volzhin,Alexander-Nevostrujev,Vladimir/RUS-chT Moscow (4) ;CBM 45 ext 1994 (38)
}) 14. Rfc1 Nc5 (14... Rfc8 15. Rab1 Qd8 16. b4 b6 17. Nd5 e6 18. Ne3 Qf8 19.
b5 Bb7 20. Rd1 Be5 21. Ng4 Nc5 22. Nxe5 dxe5 23. Qd6 $16 {Degerman,Lars-Jepson,
Christian/SVE-chT 9798 (7) ;EXT 2000 1998/1-0 (52)}) 15. Rab1 Bxc3 16. Rxc3 $5
{Pawn sacrifice} ({Quite well also} 16. Qxc3 Qxc3 17. Rxc3 Ne6 18. Be3 Rfc8 19.
Kf2 f6 20. Bd3 Nc5 21. Bc2 a5 22. b3 $14 {Arsovic,Zoran-Bakic,Rados/JUG-chT
Budva (3) ;CBM 53 ext 1996/0-1 (61)}) 16... Ne6 $6 $16 ({Interesting was} 16...
Qxa2 $5 17. Qd1 (17. Qc1 $1 {[%csl Ga2][%cal Gc3a3]} Nb3 $8 18. Qd1 Ba4 (18...
a5 19. Rxb3 Ba4 20. Ra3 $18) 19. Bd3 Nc5 20. Qc1 $1 Nb3 $8 21. Qe1 {[%csl Ra2,
Rb3][%cal Gd3c2]} e5 (21... Rac8 22. Bc2 $18) 22. Bc2 Nd4 23. Bxd4 (23. Bxa4
Qxa4 24. Rd1 Qb4 $11) 23... Bxc2 (23... exd4 24. Ra3 $18) 24. Rxc2 exd4 25. Rd1
Qb3 26. Qf2 $14 {[%csl Rd4,Rd6]}) 17... Qa4 (17... Ba4 18. b3 Bc6 19. b4 Ba4
20. Qe1 Nb3 21. c5 $16 {[%cal Ge2c4]}) 18. b4 (18. b3 Qb4 $15) (18. e5 Rfd8 19.
b4 Qxd1+ 20. Rxd1 Ne6 21. b5 Be8 $15) 18... Qxd1+ 19. Rxd1 Ne6 20. b5 Be8 21.
Ra3 a6 22. Rda1 Bd7 $11) 17. b4 {Black now have Par of BB and space advantage.}
Qe5 18. Rd1 b6 (18... Nf4 19. Bf1 $16) 19. Be3 Rfd8 (19... f5 {would open
position for White Bishops} 20. exf5 $16) 20. f4 $1 {White play on all over
the board.} Qg7 21. Bd3 Kh8 22. Bc2 Rg8 23. Rf1 {[%cal Gf4f5]} f5 (23... Bb7
24. Rf2 $1 {[%csl Yg2][%cal Gf4f5]} (24. f5 $6 gxf5 $8 25. Rxf5 (25. exf5 $4
Qxg2+ $19) 25... Rac8 $14) 24... Rac8 (24... a5 25. bxa5 Rxa5 (25... bxa5 26.
f5 gxf5 27. exf5 Ng5 28. Bd4 f6 29. Rg3 $16) 26. f5 gxf5 27. exf5 Ng5 28. Bd4
f6 29. a4 $16) 25. f5 $16) 24. exf5 gxf5 25. Rf2 $1 {[%csl Yg2]} Raf8 26. Bb3
$2 $132 ({To keep the advantage was possible by} 26. Ra3 $1 Qa1+ 27. Qc1 $16)
26... Rf6 $1 27. c5 $1 bxc5 $4 $18 {[%mdl 16384] Terrible move, opening
position for strong White pieces in the center.} ({Right was} 27... Rg6 $1 28.
g3 Rh6 {[%csl Rg3][%cal Gg7g3,Gh6h1]} 29. Kf1 (29. Re2 dxc5 30. bxc5 Rd8 31.
Qe1 (31. Qb2 Nd4 32. Bxd4 Qxd4+ $132) 31... Nd4 32. Bxd4 Qxd4+ $11) 29... Bb5+
30. Kg1 (30. Ke1 dxc5 31. bxc5 Rd8 32. Qb2 bxc5 $15) 30... Bc6 $11) 28. bxc5 d5
({now don't help} 28... Rg6 29. g3 Rh6 30. Re2 dxc5 (30... d5) 31. Bxc5 Rd8 32.
Qb2 Nxf4 33. Rxe7 Nh3+ 34. Kf1 Bb5+ 35. Ke1 Re8 36. Rxe8+ Bxe8 37. Qd2 $18 {
[%cal Gc5d4]}) 29. Rd3 (29. Bxd5 Bxd5 30. Qxd5 Rd8 31. Qe5 Rd1+ 32. Rf1 $18)
29... Rg6 (29... Rb8 30. Qd1 $1 $18 (30. Bxd5 Rb1+ 31. Rf1 Rxf1+ 32. Kxf1 Bb5
33. Kg1 Bxd3 34. Qxd3 $16)) 30. Bxd5 Bxd5 31. Rxd5 Rb8 32. Re5 Qf7 33. Qc2 {
[%csl Gb1,Rf5]} (33. c6 $18) 33... Ng7 34. c6 Rc8 35. c7 Rd6 36. Rd2 Rxd2 37.
Bxd2 e6 38. Rb5 Qd7 39. Rb8 Ne8 40. Rxc8 Qxc8 41. Qb2+ Kg8 42. Qb8 (42. Qb8 Nd6
43. Bb4 $18) 1-0

[Event "Capablanca Memorial Elite 33rd"]
[Site "Havana"]
[Date "1998.05.08"]
[Round "2"]
[White "Bischoff, Klaus"]
[Black "Borges Matos, Juan R"]
[Result "1-0"]
[WhiteElo "2545"]
[BlackElo "2480"]
[Annotator "Tsesarsky,I"]
[PlyCount "99"]
[EventDate "1998.05.07"]
[EventType "tourn"]
[EventRounds "11"]
[EventCountry "CUB"]
[EventCategory "12"]
[SourceTitle "CBM 065"]
[Source "ChessBase"]
[SourceDate "1998.08.06"]
[SourceVersion "1"]
[SourceVersionDate "1998.08.06"]
[SourceQuality "1"]

1. c4 {Hecht} c5 2. Nf3 g6 3. d4 cxd4 4. Nxd4 Nc6 5. e4 Bg7 6. Be3 Nf6 7. Nc3
O-O 8. Be2 d6 9. O-O Bd7 10. Qd2 a6 11. f3 Qb8 (11... Rb8 12. Rfd1 (12. Rfc1
Ne8 (12... b5 $5 13. a3 $14) 13. Nxc6 Bxc6 14. b4 b5 15. cxb5 axb5 16. Rab1 $14
{1-0 Sherbakov,R-Scetinin,A/Ljubljana op 1992 (46)}) 12... b5 13. cxb5 Nxd4 14.
Bxd4 axb5 (14... Bxb5 $6 15. Nxb5 axb5 16. Qb4 $14 {1/2-1/2 Horvath,
G-Anastasian,A/EUCup f Budapest 1996 (48)}) 15. e5 (15. a3 Bc6 16. Na2 Nd7 17.
Bxg7 Kxg7 18. Qc3+ $18 {Yermolinsky,A-Kozlov,V/Aktiubinsk URS sf 1985/1/2-1/2 
(57)}) 15... Ne8 (15... dxe5 16. Bxe5 b4 17. Nd5 Ba4 18. Bxf6 (18. Nxf6+ Bxf6
19. Bxb8 Qb6+ 20. Kh1 Bxd1 21. Rxd1 Rxb8 $11) 18... exf6 19. b3 Bc6 $11 {
1/2-1/2 Antoshin,V-Balcerowski,W/Polanica Zdrój 1970 (23)}) 16. exd6 Bxd4+ 17.
Qxd4 Nxd6 18. Nd5 Nf5 19. Qa7 Nd6 20. Rac1 Ra8 21. Qe3 Nf5 22. Qb3 e5 23. Bxb5
$16 (23. Qc3 Nd4 $15 (23... Be6 24. Qxe5 Bxd5 25. Qxd5 $14 {0-1 Arbakov,
V-Panchenko,A/Pula op 1990 (36)}))) 12. Nb3 (12. Rac1 Rc8 (12... Re8 13. Rfd1
h5 14. a3 Kh7 15. b4 b5 (15... Nxd4 16. Bxd4 Bh6 17. f4 e5 18. Be3 Bc6 19. Bf3
Qc7 20. b5 $16) 16. Nxc6 Bxc6 17. Qa2 (17. Nd5 $14) 17... Kg8 18. Nd5 $14 {
1-0 Giaccio,A-Barria,D/open, General Pico City ARG 1996 (21)}) 13. b3 Nxd4 14.
Bxd4 b5 15. Bxf6 exf6 16. Rfd1 bxc4 17. Bxc4 $16 {1-0 Dworakowska,J-Ciuksyte,D/
World Junior (Girls), Zagan POL 1997 (39)}) 12... Ne5 13. Bb6 (13. Nd5 Nxd5 14.
cxd5 Bb5 15. Nd4 Bxe2 16. Qxe2 Qd8 17. b4 Qd7 18. Rfc1 Rfc8 19. Qd1 Nc4 20. Bf2
Bh6 21. Rc3 Ne5 22. Rxc8+ Rxc8 23. Qb3 Rc4 24. Rd1 Qc8 $11 {1/2-1/2 Titz,
H-Mahdy,K/Vienna op 1990 (51)}) 13... Rc8 14. Nd5 $6 $11 (14. c5 $1 Be6 15.
cxd6 Qxd6 16. Qxd6 exd6 17. Rfd1 Rc6 18. Bf2 Bxb3 19. axb3 $14) 14... Nxd5 (
14... Kf8 15. Bd4 $14 (15. Rac1 $14)) 15. cxd5 Ba4 16. Be3 (16. Rac1 Nd7 17.
Rxc8+ Qxc8 18. Rc1 Qe8 19. Be3 Rc8 (19... Bxb3 20. axb3 Rc8 $11) 20. Rxc8 Qxc8
21. Nd4 Ne5 $11) 16... Bb5 17. Rfc1 (17. Bxb5 axb5 18. Bd4 Nc4 $132) 17... Bxe2
18. Qxe2 b5 19. Nd4 Nc4 20. Bf2 Qb7 21. b3 Na3 (21... Nb6 22. Rab1 Bh6 23.
Rxc8+ Rxc8 24. a4 bxa4 25. bxa4 Rc1+ 26. Rxc1 Bxc1 27. Qc2 Bg5 28. Qb3 (28. a5
Nd7 29. h4 Bf6 30. g4 $14) 28... Qc7 29. Nc6 Nd7 30. a5 h5 31. Bb6 $14) 22. Qd2
b4 23. Rxc8+ (23. Be3 $5 Rc5 $1 $11) 23... Rxc8 24. Rc1 Bxd4 25. Bxd4 Nb5 (
25... Rxc1+ $2 26. Qxc1 Nb5 27. Qc6 $1 Qb8 (27... Qxc6 28. dxc6 Kf8 (28... Nxd4
29. c7 $18) 29. Kf2 Ke8 30. Ke3 Nxd4 (30... Kd8 31. Bb6+ Kc8 32. Kd3 $16) 31.
Kxd4 Kd8 32. Kc4 Kc7 33. Kxb4 Kxc6 34. Ka5 Kb7 35. b4 $16) 28. Be3 $16) 26. Be3
a5 27. h4 f6 $5 (27... Rxc1+ 28. Qxc1 Nc3 29. Qc2 Qb5 (29... h5 30. a4 Qc7 31.
Qd3 f6 32. Qa6 $16) 30. Kf2 a4 31. bxa4 Qxa4 32. Qxa4 Nxa4 33. Bd2 Nc5 34. Ke3
b3 35. axb3 Nxb3 36. Bb4 Kf8 $11) 28. Rc2 Kf7 (28... Rxc2 29. Qxc2 Nc3 30. Bd4
Kf7 31. g4 e6 32. dxe6+ Kxe6 33. Kf2 Qc7 34. Ke1 d5 35. exd5+ Nxd5 (35... Kxd5
36. Bxf6 $16) 36. Qe4+ Kd6 37. Kd2 Qd7 (37... Qe7 38. Qxe7+ Kxe7 39. Kd3 Ke6
40. Kc4 $16) 38. g5 fxg5 39. Qe5+ Kc6 40. hxg5 Qf7 $11) 29. Qc1 (29. Rxc8 Qxc8
30. Bb6 Nc3 31. g4 Qb7 32. Bd4 Qc7 33. Kf2 Nb5 $11) 29... Rc3 (29... Nc3 $6 30.
Qe1 (30. Kh2 Nxa2 $17) (30. Bd4 Ne2+ $19) (30. Qd2 Rc7 31. Bd4 Nb5 32. Rxc7
Qxc7 33. Be3 Qc3 34. Kf2 $14) 30... Rc7 31. Qd2 Nb5 32. Rxc7 Qxc7 $132) 30.
Rxc3 Nxc3 31. Qc2 Qb5 (31... h5 32. Bd4 Qc7 33. a4 e6 $11 (33... Nxd5 34. Qxc7
Nxc7 35. Bb6 Na6 36. Bxa5 e5 37. Kf2 Ke6 38. Ke3 d5 39. exd5+ Kxd5 40. Bb6 f5
41. g3 Kc6 (41... Nc5 42. Bxc5 Kxc5 43. Kd3 Kd5 44. a5 Kc5 45. a6 Kb6 46. Kc4
Kxa6 47. Kxb4 Kb6 48. Kc4 Kc6 49. b4 $18) 42. Bd8 Kd5 $11)) (31... e6 32. dxe6+
Kxe6 33. Bd4 Qc6 34. Kf2 d5 35. exd5+ Kxd5 36. Qd3 Ke6 $11) 32. Kf2 e5 33.
dxe6+ Kxe6 34. Bd4 d5 (34... Qc6 35. Bxc3 bxc3 (35... Qxc3 36. Qxc3 bxc3 37.
Ke3 Ke5 38. Kd3 $18) 36. Ke3 Ke5 37. Kd3 $16) 35. exd5+ Nxd5 $2 $16 (35... Qxd5
36. Bxc3 Qc5+ 37. Ke2 bxc3 38. Kd3 $16) (35... Kxd5 $1 36. Qd2 (36. a4 Qc6 37.
Qd3 Ke6 $14) 36... Qe2+ 37. Qxe2 Nxe2 38. Bxf6 Nc1 39. Ke3 Nxa2 40. Kd2 a4 (
40... Kc5 41. Kc2 a4 42. bxa4 Kc4 43. a5 b3+ 44. Kb2 Nb4 45. g4 h5 46. Bg7 Nd3+
47. Ka3 Nc5 48. gxh5 gxh5 49. f4 Ne6 50. Be5 Kb5 51. f5 Nc5 52. f6 b2 53. Ka2
Kxa5 54. f7 Ne6 55. Kxb2 Kb5 56. Kc3 Kc6 57. Bg7 Kd5 58. f8=Q Nxf8 59. Bxf8 $18
) 41. bxa4 b3 42. a5 Kc5 43. g4 (43. a6 Kb6 44. Kd3 Nc1+ 45. Kc4 Kxa6 46. Bb2
Ne2 47. Kxb3 Kb5 48. g4 Kc5 $11) 43... Kb5 44. Bd8 Nb4 45. Kc3 Ka4 $1 $44) 36.
Qc8+ Kf7 (36... Qd7 37. Qa6+ Qd6 38. Qxa5 Nf4 39. Be3 Nd3+ 40. Ke2 Ne5 (40...
Nb2 41. Qb6 $18) 41. Qb6 Qxb6 42. Bxb6 Kd5 43. Bd8 $16) 37. Qh8 (37. Bc5) 37...
Qd3 38. Qxh7+ Ke6 39. Qg8+ Kd6 40. Qd8+ Ke6 41. Qc8+ Kf7 42. Qc4 Qd2+ (42...
Qxc4 43. bxc4 Nf4 44. Be3 Nd3+ 45. Ke2 Ne5 46. c5 a4 47. g4 b3 48. axb3 axb3
49. Bd4 Nc6 50. Bc3 Ke6 51. h5 gxh5 52. gxh5 Kf5 53. Kd3 Kg5 54. Kc4 f5 55.
Kxb3 Kxh5 56. Kc4 Kg5 57. Kd5 Na7 58. Be5 $18) 43. Kg3 Qe1+ (43... Qf4+ 44. Kh3
Qf5+ 45. Kh2 Qf4+ 46. Kg1 Qd6 47. Kf2 $16) 44. Bf2 Qd2 $2 $18 (44... Qe6 $16)
45. Qd4 $1 (45. Be3 $6 Qxe3 (45... Qe1+ 46. Kg4 f5+ 47. Kh3 Qh1+ 48. Kg3 Qe1+
49. Kh2 $16) 46. Qxd5+ $16) 45... Qxd4 46. Bxd4 {Hecht [#] Black loses slowly
against the extra pawn and good bishop. The offside placement of the knight in
the process of recovering the pawn actually accelerates the win. [#]  Schwarz
verliert langsam gegen den Mehrbauern und den guten Läufer. Das Wegstellen des
Springers unter Bauernrückgewinn beschleunigt freilich den Verlust.} Nc3 (46...
f5 47. Kf2 $1 (47. Kh3 Ke6 (47... Nc3 48. a4 $18) 48. g4 Nf4+ 49. Kh2 fxg4 50.
fxg4 Ne2 51. Bb6 Nc1 52. Bxa5 Nxa2 53. Kg3 Nc1 54. Bxb4 Nxb3 55. Kf4 Nd4 $11)
47... f4 48. Ke2 Ke6 49. Kd3 Kf5 50. Kc4 Ke6 51. Kb5 $18) 47. Kf2 Nxa2 48. Bb2
Ke6 (48... f5 49. Ke3 Ke6 50. g4 fxg4 51. fxg4 Kf7 52. Kd4 $1 (52. Kd3 Ke6 53.
Kc4 Ke7 54. Kb5 $1 $18 (54. h5 $2 gxh5 55. gxh5 Kf7 56. Kb5 Kg8 57. Bd4 (57.
Kxa5 Kh7 58. Kb5 Kh6 59. Bd4 Kxh5 $11) 57... Kh7 (57... Nc1 58. Ka4 Kh7 59. Be3
Nxb3 60. Kxb3 Kg7 61. Bg5 Kh7 62. Ka4 Kg7 $11) 58. Be3 Nc3+ 59. Kxa5 Kg7 60.
Bc1 (60. h6+ Kg6 $14) 60... Kh7 61. Bg5 Ne4 62. Be3 Nc3 $14)) 52... Ke6 53. Kc4
$18) 49. Ke3 Kd5 (49... f5 50. Kd4 (50. Kf4 Kf7 51. Kg5 Nc3 52. h5 gxh5 53.
Kxf5 a4 54. bxa4 Nxa4 55. Bd4 b3 $11) 50... Kd6 51. g4 fxg4 52. fxg4 Ke6 53.
Kc4 Kf7 54. Kb5 Nc3+ 55. Kxa5 $18) 50. g4 (50. g4 Ke6 51. Kd4 $18) 1-0

[Event "RUS-chT 07th"]
[Site "Smolensk"]
[Date "2000.04.16"]
[Round "2"]
[White "Vaulin, Alexander"]
[Black "Meshkov, Yuri A"]
[Result "1-0"]
[WhiteElo "2540"]
[BlackElo "2373"]
[Annotator "Tsesarsky,I"]
[PlyCount "85"]
[EventDate "2000.04.15"]
[EventType "team-tourn"]
[EventRounds "11"]
[EventCountry "RUS"]
[SourceTitle "CBM 077"]
[Source "ChessBase"]
[SourceDate "2000.07.27"]
[SourceVersion "1"]
[SourceVersionDate "2000.07.27"]
[SourceQuality "1"]
[WhiteTeam "Tomsk 400"]
[BlackTeam "Smolensk TsEM"]
[WhiteTeamCountry "RUS"]
[BlackTeamCountry "RUS"]

1. c4 g6 2. d4 Bg7 3. Nf3 c5 4. e4 cxd4 5. Nxd4 Nc6 6. Be3 Nf6 7. Nc3 O-O 8.
Be2 d6 9. O-O Bd7 10. Qd2 Nxd4 11. Bxd4 Bc6 12. f3 Nd7 13. Be3 a5 14. b3 Nc5
15. Rab1 Qb6 16. Rfc1 Qb4 17. Rc2 (17. Qb2 Qb6 18. Qd2 Qb4 19. Rc2 f5 20. exf5
gxf5 {This move was possible in this game on the 18 move.} 21. Qc1 f4 22. Bf2
Qb6 23. Nd5 $16 {1-0 Greenfeld,Alon-Yudasin,Leonid/Beersheba (1) ;CBM 53 1996 
(43)}) 17... f5 {Not the best move, but another continuations also permit to
White to get advantage:} (17... Rac8 18. Nd5 $1 (18. Qc1 {[%cal Ga2a3]} Qb6 19.
Nd5 (19. a3 Qd8 20. b4 axb4 21. axb4 Na4 22. b5 Nxc3 23. Rxc3 Bd7 24. Rc2 Be6
25. c5 $11 {1/2-1/2 Elbilia,Jacques-Bernard,Christophe/Paris op (6) ;EXT 97
1996 (28)}) 19... Qd8 20. Qd2 e6 21. Nc3 $14 {[%csl Rd6][%cal Gb1d1]}) 18...
Bxd5 19. exd5 $14) (17... Rfe8 18. Nd5 $14 (18. Qc1 Qb6 19. Nd5 $14 (19. a3 Qd8
20. b4 axb4 21. axb4 Na4 22. Nd5 e6 23. Nf4 Qf6 24. Qd2 Nc3 25. Rbc1 Nxe2+ 26.
Nxe2 Bf8 27. b5 Bd7 28. Bf4 e5 29. Be3 Be6 $132 {1-0 Keskisarja,
Teemu-Lehtisalo,Marko/Vantaa op (3) ;EXT 2000 1998 (51)}))) (17... Ne6 18. Bf1
(18. Nd5 $14) 18... f5 19. a3 (19. Nd5 $14) 19... Qxa3 20. Nd5 f4 21. Bf2 Bxd5
22. Qxd5 Rf6 23. Qxb7 $14 (23. e5 dxe5 24. Qxb7 Rff8 25. c5 Nd4 26. Bxd4 exd4
27. Qxe7 $132 {1/2-1/2 Istrate,Bogdan-Leskur,Dejan/Bucharest Cup IM ;EXT 2000
1998 (46)})) (17... Rfc8 $5 {Maybe a little bit better than another moves in
this position.} 18. Qc1 Qb6 19. a3 (19. Kh1 Qd8 20. Bf1 (20. Qd2 $5 h5 (20...
Qf8 21. Rbc1 f5 22. exf5 Qxf5 23. Nd5 Bxd5 24. Qxd5+ Qxd5 25. cxd5 b6 26. a3
$16) 21. Re1 Qb6 22. Nb5 Qd8 23. Bf1 Ne6 24. Nc3 Nc5 25. Rcc1 Qb6 26. Nb5 Qd8
27. e5 $14 {1-0 Spraggett,Kevin-Rausis,Igors/Metz op (5) ;EXT 99 1997 (49)}) (
20. Qe1 Qf8 21. Nd5 Bxd5 22. exd5 $14 {Ulibin,Mikhail-Bosch,Jeroen/Leeuwarden
op (6) ;EXT 99 1997/1/2-1/2 (74)}) 20... Qf8 21. Qd2 f5 22. exf5 Qxf5 23. Rbc1
$14 {29. e2 af8 30. e1 d4~/= 1/2-1/2 Ribli,Zoltan-Boshku,Harallamb/Novi Sad ol
(Men) (3) ;TD 1990 (28)}) (19. Nd1 {C3 is the best square for White N} Qd8 20.
Nf2 {[%cal Gf2g4]} Qf8 21. Qd2 h6 $132 {[%cal Gf2d1,Gd1c3] Van den Doel,
Erik-Balduan,Markus/BL2-W9899 Germany (7) ;GER-chT2 1999/1-0 (69)}) 19... Qd8
20. Qd2 (20. b4 axb4 21. axb4 Na4 22. Nd1 $132 {Dimitrov - Moldovan, St.Zagora
1990}) 20... e6 21. Bf1 Be5 22. b4 (22. Ne2 $5) 22... axb4 23. axb4 Na4 24. Ne2
Qh4 25. g3 Qe7 26. Nd4 $14 {Gelfand,Kapengut 1-0 Gelfand,Boris-Anand,
Viswanathan/Manila Interzonal (3) ;CBM 19 1990 (53)}) 18. exf5 Rxf5 (18... gxf5
19. Qc1 Qb6 20. a3 Qd8 21. b4 axb4 22. axb4 Ne6 23. Rd2 $14 {Sluka,
Radek-Dobrovolsky,Ladislav/CZE-ch (8) ;TD 1993/1/2-1/2 (53)} (23. Qd2 $14)) 19.
Qc1 {[%cal Ga2a3] Standard plan: a2-a3, b3-b4.} Qb6 20. a3 Qd8 21. b4 axb4 22.
axb4 Ne6 $5 {[%csl Gd4,Gf4] Here N take part in the struggle on Black Squares.}
(22... Na4 23. Nxa4 (23. Nd1 e6 24. Qd2 Nb6 25. Nf2 $14) 23... Bxa4 24. Ra2 Be8
25. Rxa8 Qxa8 26. Qd2 $14) 23. Qd2 Be5 (23... Rf8 $6 24. c5 $1 (24. b5 Be8 25.
Nd5 Bf7 26. f4 Nc5 27. Bf3 e6 28. Nc3 Ra3 $132) (24. Nd5 Ra3 25. Bb6 Qe8 26.
Re1 Qf7 27. Bd3 Bxd5 28. cxd5 Nd4 29. Bxd4 Bxd4+ 30. Kh1 $132) (24. Rd1 $14)
24... dxc5 25. Bc4 $16) 24. b5 $6 $132 {Weakenen c5 square.} (24. Nd5 $14)
24... Bd7 (24... Be8 25. Nd5 Nc5 26. Bg5 Rf7 27. Rd1 $14) 25. Nd5 Ra3 $1 {
[%csl Re3][%cal Ge5d4,Gd4g1]} 26. Bd3 Rh5 $1 {[%csl Gg5]} (26... Rf8 27. Bf1 (
27. Be4 Nc5 28. Bxc5 dxc5 $15) (27. f4 Bg7 28. Be4 Nc5 29. Bxc5 dxc5 $15 {
[%csl Rd4][%cal Ge7e6]}) 27... Nc5 (27... Ng7 28. Bg5 Nf5 29. Re1 $14 {[%csl
Re7]}) 28. Re1 Rf5 (28... b6 29. Bg5 Rf7 30. Nxe7+ Rxe7 31. f4 $16) 29. Bg5 $16
{[%csl Re7]}) 27. f4 Bd4 $1 {[%csl Ga3,Gh5] Despite of pawn structure defects
and White space advantage Black position is quite good because of very active
pieces.} (27... Bg7 28. Rd1 $14 {[%csl Rh5]}) 28. Bxd4 Nxd4 29. Ra2 Rxa2 30.
Qxa2 e6 $2 $16 {[%mdl 16384] It was very difficult to calculate long
variations and properly evaluate final positions.} ({Right was} 30... Bf5 $1
31. Bxf5 Rxf5 32. Qd2 e5 $11 {[%csl Gd4,Gf5]}) 31. Qf2 $1 (31. Qa7 $2 Qh4 32.
Qb8+ Kg7 33. Qxb7 Nf3+ 34. gxf3 Qxh2+ 35. Kf1 Qd2 (35... Qa2 36. Qxd7+ Kh6 37.
Qxh7+ Kxh7 38. Nf6+ Kh6 39. Nxh5 gxh5 40. b6 Qa8 41. b7 Qb8 42. Be4 $18) 36.
Qxd7+ Kh6 37. Be2 exd5 38. Qe7 Rh1+ 39. Kg2 Rxb1 40. Qg5+ Kg7 41. Qe7+ $11)
31... exd5 (31... Nxb5 32. f5 $1 exd5 (32... gxf5 33. Nf4 $16) 33. fxg6 hxg6
34. Bxg6 Rh6 35. Qf7+ Kh8 36. cxb5 Qg8 37. Qxg8+ Kxg8 38. Bd3 $16) 32. Qxd4 Qh4
33. h3 Qg3 {This positions seems good for Black, but initiative will be
finished very soon.} (33... Bxh3 34. gxh3 Qxh3 {[%csl Rg1][%cal Gh3f3]} 35. Kf2
$8 Qh2+ 36. Ke1 Qg2 37. Bf1 Qg3+ 38. Kd2 Rf5 39. Re1 $16) 34. Be2 $1 {This
only move is also very strong.} Rxh3 (34... Bxh3 35. Qf2 Qxf2+ 36. Kxf2 Bf5 37.
Rd1 Rh4 (37... dxc4 38. Bxh5 gxh5 39. Rxd6 c3 40. Ke3 $16) 38. Kg3 g5 39. fxg5
Rxc4 40. Bxc4 dxc4 41. Rxd6 c3 42. Rd5 c2 43. Rc5 $16) 35. Bf3 (35. Qxd5+ Kg7
36. Bf3 $16) 35... h5 $6 $18 (35... Qh2+ $142 36. Kf2 Rxf3+ 37. Kxf3 Qh5+ (
37... Be6 38. cxd5 Qh5+ 39. Kg3 $16) 38. Ke3 dxc4 39. Qxd6 Qf5 40. Rd1 $16) 36.
Qxd5+ Kh8 37. Ra1 $1 {Black King position is ugly} (37. Qxd6 Bg4 38. Qe5+ Kh7
39. Bxg4 $18) 37... Bc8 (37... Qh2+ 38. Kf2 Rxf3+ 39. Qxf3 $18) 38. Qe4 Qh2+
39. Kf2 Rxf3+ 40. Qxf3 Qh4+ 41. Kg1 Kh7 42. Qe4 Kh6 43. Qd4 1-0